00708nam a2200229 a 450000100060000000300090000600800410001502000180005604000280007408200160010210000220011824500840014026000400022430000200026449000470028450500270033165000330035865000270039165000140041865000260043265000200045824735CO-ViMGA141112s2004 ck r 000 u spa d a9789586486651 aCO-ViMGAbspacCO-ViMGA04a658.15 B12a1 aBaena Toro, Diego10aAnálisis financiero : bEnfoque proyecciones financieras / cDiego Baena Toro aColombia : bEcoe Ediciones, c2010 a370 p. ; 24 cm. aCiencias Administrativas; Administración aIncluye bibliografía14aAdministración de empresas14aAnálisis financiero 14aFinanzas 14aGestión financiera 14aValor agregado